000 00709nam a2200193 a 4500
001 1764838960448
003 ACL
005 20251204143416.0
008 251204s1973##################000#0#eng##
082 0 4 _a595
_bSEE
100 1 _aசீதாராமன், பா. - Cītārāmaṉ, pā.,
_eauthor.
245 1 0 _aமுதுகெலும்பற்றவற்றின் தொல்லுயிரியல் - Mutukelumpaṟṟavaṟṟiṉ tolluyiriyal ஆசிரியர் பா. சீதாராமன் :
260 _c1973.
300 _a[vi], 487 p. ill.
500 _aIncludes glossary
650 0 _aமருத்துவம்.
942 _cREF
040 _aACL
_beng
_cACL
999 _c600071
_d600071